| 000 | 00887nam a22003011 4500 | ||
|---|---|---|---|
| 999 |
_c8807 _d8807 |
||
| 001 | 8807 | ||
| 003 | BD - JhCC | ||
| 005 | 20180718200856.0 | ||
| 008 | 740610s1967 nyua b 000 0 eng | ||
| 035 | _a(BD - JhCC)8807 | ||
| 035 | _a(OCoLC)00407025 | ||
| 035 | _aGLIS00452505 | ||
| 040 |
_aDLC _cDLC _dm.c. _dm/c _dBD - JhCC |
||
| 041 | _aeng | ||
| 050 | 0 |
_aDS479.1.A2 _bH8 |
|
| 082 | _bHUT 1967 | ||
| 090 |
_aDS479.1.A2 _bH979 |
||
| 099 | _aDS479.1.A2.H979 | ||
| 100 | 1 |
_aHutheesing, Krishna Nehru, _d1907-1967. |
|
| 245 | 1 | 0 |
_aDear to behold : _ban intimate portrait of Indira Gandhi / _cby Krishna Nehru Hutheesing |
| 250 | _a[1st ed.] | ||
| 260 |
_aBombay : _bIBH, _c[1967] |
||
| 300 |
_a221 p. : _billus. _c22 cm. |
||
| 600 |
_aGandhi, Indira, _d 1917-1984 |
||
| 650 |
_aWomen prime ministers _zIndia |
||
| 942 |
_2ddc _cBK |
||